Interlude du poème de l'amour et de la mar /

Hlavní autor: Chausson, Ernest, 1855-1899
Další autoři: Chapelier, Stéphane, 1884-1966
Jazyk: Nelze použít, není lingvistický obsah
Vydáno: Paris : Larolle, [1925?]
Fyzický popis: 1, 3 s.
Hudebniny Hudebniny
Uloženo v:
LEADER 00811ncm a22002172a 4500
001 001209494
003 CZ BrMZK
005 20140306144652.0
007 qu
008 120502s1925 fr |||||||||||||||||zxx d
040 |a BOA001  |b cze 
072 7 |a 787  |x Hudba pro strunné a smyčcové nástroje  |2 Konspekt  |9 9 
100 1 |a Chausson, Ernest,  |d 1855-1899  |7 js20020318004  |4 cmp 
245 1 0 |a Interlude du poème  |h [hudebnina] :  |b de l'amour et de la mar /  |c Ernest Chausson ; transcription pour violon et piano par S. Chapelier 
260 |a Paris :  |b Larolle,  |c [1925?] 
300 |a 1, 3 s. 
700 1 |a Chapelier, Stéphane,  |d 1884-1966  |7 mzk2014811067  |4 edt 
910 |a BOA001  |b Mus4-0376.088 
990 |a MU 
991 |b 201204 
996 6 |b 2619613204  |c Mus4-0376.088  |l MZK  |r Sklad / do 1 hodiny  |n 1  |w 001243177  |u 000010  |a 1  |e BOA001  |j MZK50  |s P